Plus grandes villes des plus grands cours d'eau de France - difficile - Statistiques

Statistiques générales
  • Ce quiz a été pris 725 fois
    639 depuis la dernière actualisation
  • Le résultat moyen est 18 sur 50
Statistiques - réponses
Cours d'eau Population Ville % Correct
Seine 2 113 705 Paris
97%
Rhône 520 774 Lyon
95%
Saône 520 774 Lyon
95%
Loire 325 070 Nantes
91%
265 328 Bordeaux
89%
Garonne 511 684 Toulouse
86%
138 668 Tours
77%
172 569 Saint-Étienne
75%
116 331 Rouen
74%
166 462 Le Havre
72%
116 344 Orléans
72%
Doubs 120 057 Besançon
61%
64 288 Valence
59%
91 760 Avignon
54%
44 593 Chalon-sur-Saône
50%
32 193 Agen
48%
162 207 Villeurbanne
47%
73 111 Saint-Nazaire
45%
19 902 Cahors
43%
34 759 Mâcon
38%
148 907 Saint-Denis
35%
120 205 Boulogne-Billancourt
34%
Dordogne 26 852 Bergerac
32%
Meuse 45 634 Charleville-Mézières
32%
16 610 Verdun
31%
Marne 92 859 Créteil
26%
23 784 Dole
24%
16 727 Sedan
24%
36 224 Villefranche-sur-Saône
22%
24 668 Libourne
21%
Lot 22 204 Villeneuve-sur-Lot
19%
17 928 Pontarlier
17%
78 367 Champigny-sur-Marne
12%
76 010 Saint-Maur-des-Fossés
12%
52 448 Vaulx-en-Velin
12%
27 314 Blagnac
10%
30 968 Bègles
9%
43 479 Caluire-et-Cuire
7%
71 632 Noisy-le-Grand
7%
12 322 Mende
6%
6 356 Givet
5%
57 422 Maisons-Alfort
5%
3 199 Souillac
4%
14 009 Audincourt
2%
3 320 Castillon-la-Bataille
1%
5 025 Decazeville
1%
6 813 Neufchâteau
1%
4 362 Prigonrieux
1%
10 624 Valentigney
1%
6 518 Sainte-Livrade-sur-Lot
0%
Aucun quiz correspondant
Distribution des résultats
% des personnes avec chaque résultat
Percentile par nombre de réponses
Votre historique - résultats
Vous n’avez pas pris ce quiz depuis la dernière actualisation